Länder mit niedriger Bevölkerungsdichte - Sudden Death - Statistiken

Allgemein
  • Dieses Quiz wurde 79 mal gespielt
  • Das Durchschnittsergebnis liegt bei 13 aus 20
Answers on the Grid
Answers color-coded by a green-red scale on the quiz's grid according to % correct below.
Angola
Argentinien
Australien
Bolivien
Botswana
Kanada
Zentralafrikanische Republik
Tschad
Ägypten
El Salvador
Finnland
Gabun
Griechenland
Guyana
Island
Irak
Irland
Japan
Kasachstan
Libyen
Madagaskar
Mauretanien
Mexiko
Mongolei
Marokko
Namibia
Russland
Saudi-Arabien
Suriname
Tadschikistan
Turkmenistan
Vereinigte Staaten
Venezuela
 
Antwortstatistiken
Antwort % Korrekt
1 Mongolei
91%
2 Australien
89%
7 Kanada
87%
4 Island
80%
11 Kasachstan
80%
10 Mauretanien
76%
20 Finnland
71%
8 Libyen
69%
12 Russland
69%
19 Tschad
67%
16 Turkmenistan
67%
17 Saudi-Arabien
62%
9 Botswana
58%
3 Namibia
56%
18 Argentinien
49%
13 Zentralafrikanische Republik
49%
6 Suriname
47%
15 Bolivien
44%
5 Guyana
38%
14 Gabun
22%
Keine übereinstimmenden Quizze gefunden
Verteilung der Resultate
Anzahl Personen mit jedem Resultat
Perzentil nach korrekt beantworteten Fragen
Ihre Resultats-Entwicklung
Sie haben dieses Quiz noch nicht gespielt